000
00294nam a2200145Ia 4500
100
_a
Keay/John
942
_c
BK
366
_f
17.5
654
_a
history
245
_a
A history of India
260
_b
Harper collins
_c
2007
082
_a
808.83/KEA
_b
KEA
300
_a
576
546
_a
ENGLISH
999
_c
28620
_d
28620